| 000 | 02352cam a2200517Ma 4500 | ||
|---|---|---|---|
| 001 | ocn300941482 | ||
| 003 | TZ-ArACH | ||
| 005 | 2012090706586.0 | ||
| 008 | 060825s2006 fr bd 001 0 fre d | ||
| 010 | _a 2006501182 | ||
| 016 | 7 |
_aFRBNF402245820000008 _2FrPBN |
|
| 020 | _a9782707147066 | ||
| 020 | _a2707147060 | ||
| 035 | _a(OCoLC)300941482 | ||
| 040 |
_aRUQBL _bfre _cTZ-ArACH _dFRBML _dBDF _dCHRRO _dUQ1 |
||
| 041 | _aFre | ||
| 049 | _aTZAA | ||
| 050 | 0 | 0 |
_aKZ6471 _b.B68 |
| 082 | 1 | 4 |
_a341.6 _221 |
| 100 | 1 |
_aBouchet-Saulnier, Françoise. _94214 |
|
| 245 | 1 | 0 |
_aDictionnaire pratique du droit humanitaire / _cFrançoise Bouchet-Saulnier. |
| 250 | _aTroisième éd. mise à jour et augm. | ||
| 260 |
_aParis : _bLa Découverte, _c2006. |
||
| 300 |
_a587 p. ; _c24 cm. |
||
| 504 | _aComprend des réf. bibliogr. et des index. | ||
| 650 | 6 |
_aDroit international humanitaire _vDictionnaires français. _94215 |
|
| 650 | 4 |
_aDroit humanitaire _xDictionnaires. _94216 |
|
| 650 | 4 |
_aHuman rights _xDictionaries _94226 |
|
| 650 | 4 |
_aHumanitarian Law _xDictionaries _94217 |
|
| 650 | 7 |
_aDroit humanitaire _xDictionnaires. _2ram _94218 |
|
| 650 | 7 |
_adroit humanitaire _v[dictionnaire] _2rero _94219 |
|
| 650 | 7 |
_aDroit international. _2rasuqam _94220 |
|
| 650 | 1 | 7 |
_aDroit international humanitaire. _2rasuqam _94221 |
| 650 | 7 |
_aDroits de l'homme. _2rasuqam _94222 |
|
| 653 |
_a- _aArme _aConflit _aDictionnaire _aDroit _aFondamental _aGuerre _aHomme _aHumain _aHumanitaire |
||
| 653 |
_aInternational _aPersonne |
||
| 655 | 6 |
_aDictionnaires. _96388 |
|
| 655 | 7 |
_aDictionnaire (Descripteur de forme) _2rasuqam _96389 |
|
| 655 | 7 |
_aGuide (Descripteur de forme) _2rasuqam _96390 |
|
| 856 | 4 | 2 |
_3Notice et cote du catalogue de la Bibliothèque nationale de France _uhttp://catalogue.bnf.fr/ark:/12148/cb40224582r |
| 942 |
_2lcc _cBOOK |
||
| 999 |
_c1545 _d1545 |
||